• 首页
  • 本馆介绍
  • 公告通知
  • 最新文献
  • 馆藏检索
  • 电子资源
  • 读者导购
  • 参考咨询
  • 我的图书馆
  • 登录
  • 详细信息显示
  • 放入我的书架
  • 预约/预借图书
  • 作者相关作品
  • 分类相关作品
  • 丛书相关作品
  • 出版社相关作品

书目信息

  • 表格格式
  • 工作单格式
  • 卡片格式
题名:
妈妈这样做,孩子长高个儿
    
 
作者: 黄蓉 著
分册:  
出版信息: 北京   中国妇女出版社  2021
页数: 193页
开本: 21cm
丛书名:
单 册:
中图分类: R339.31
科图分类:
主题词: 儿童--身高--基本知识
电子资源:
ISBN: 978-7-5127-2023-7
000 01633nam0 2200229 450
001 2346261589
005 20231204125113.70
010    @a978-7-5127-2023-7@dCNY52.00
100    @a20211117d2021 em y0chiy50 ea
101 0  @achi
102    @aCN@b110000
105    @aak z 000yy
200 1  @a妈妈这样做,孩子长高个儿@Ama ma zhe yang zuo, hai zi zhang gao ge er@f黄蓉著
210    @a北京@c中国妇女出版社@d2021
215    @a193页@c图@d21cm
314    @a黄蓉,毕业于复旦大学临床医学专业(儿科学方向),现就职于厦门大学附属妇女儿童医院儿童保健科。中国妇幼保健协会中医和中西医结合分会委员。中国医师协会健康传播工作委员会第七批正式成员。
330    @a很多家长朋友问黄小邪,身高管理从多大开始?答曰:从出生即开始,越早重视效果越好。又有家长朋友问:是不是3岁以后就不用再去儿保科体检了?答曰:如果出于身高管理的目的,建议每3~6个月至儿童保健科定期评估生长发育,直至18岁骨骺闭合身高不会再增长为止。关于儿童身高管理的一系列措施,对于身高正常儿童可以实现锦上添花,对于生长偏离儿童则是不可或缺的基本原则。只要骨骺还没有闭合,就还有身高促进的空间,就诊都不算晚。对于急切渴求孩子身高的家长来说,在后阶段,能多让孩子长1cm都觉得是赚到了。其实,我们可以帮到孩子更多,重视与不重视,成年身高可以差异大至13cm。有没有现在就可以立马执行、安全有效的身高管理方法呢?有情怀的儿保医生,只做有温度的科普。黄小邪10余年来专注于身高管理,历练的精华和核心要点尽在本书——量身定制身高管理的个体化方案,都是门诊家长们关心的问题,经过了上万次的重复和验证得来。本书分为九大章节,每一章节都主讲一个身高管理的关键问题,帮助科学助力孩子长高。
606 0  @a儿童@x身高@x基本知识
690    @aR339.31@v5
701  0 @a黄蓉@Ahuang rong@4著
801  0 @aCN@b91MARC@c20211226
905    @aZUCC@dR339.31@e4
    
    妈妈这样做,孩子长高个儿/黄蓉著.-北京:中国妇女出版社,2021
    193页:图;21cm
    
    
    ISBN 978-7-5127-2023-7:CNY52.00
    很多家长朋友问黄小邪,身高管理从多大开始?答曰:从出生即开始,越早重视效果越好。又有家长朋友问:是不是3岁以后就不用再去儿保科体检了?答曰:如果出于身高管理的目的,建议每3~6个月至儿童保健科定期评估生长发育,直至18岁骨骺闭合身高不会再增长为止。关于儿童身高管理的一系列措施,对于身高正常儿童可以实现锦上添花,对于生长偏离儿童则是不可或缺的基本原则。只要骨骺还没有闭合,就还有身高促进的空间,就诊都不算晚。对于急切渴求孩子身高的家长来说,在后阶段,能多让孩子长1cm都觉得是赚到了。其实,我们可以帮到孩子更多,重视与不重视,成年身高可以差异大至13cm。有没有现在就可以立马执行、安全有效的身高管理方法呢?有情怀的儿保医生,只做有温度的科普。黄小邪10余年来专注于身高管理,历练的精华和核心要点尽在本书——量身定制身高管理的个体化方案,都是门诊家长们关心的问题,经过了上万次的重复和验证得来。本书分为九大章节,每一章节都主讲一个身高管理的关键问题,帮助科学助力孩子长高。
●
相关链接 在五车中查询图书 在当当中查询图书 在豆瓣中查询图书


正题名:妈妈这样做,孩子长高个儿     索取号:R339.31/4         预约/预借

序号 登录号 条形码 馆藏地/架位号 状态 备注
1 2001260047   2001260047   辽宁北方(第一批)/辽宁北方(第一批)/165/ [索取号:R339.31/4] 在馆    
2 2001260048   2001260048   辽宁北方(第一批)/辽宁北方(第一批)/165/ [索取号:R339.31/4] 在馆    
3 2001260049   2001260049   辽宁北方(第一批)/辽宁北方(第一批)/165/ [索取号:R339.31/4] 在馆    
4 2001260050   2001260050   辽宁北方(第一批)/辽宁北方(第一批)/165/ [索取号:R339.31/4] 在馆    
5 2001260051   2001260051   辽宁北方(第一批)/辽宁北方(第一批)/165/ [索取号:R339.31/4] 在馆    
6 2001260052   2001260052   辽宁北方(第一批)/辽宁北方(第一批)/165/ [索取号:R339.31/4] 在馆    
山东省滨州职业学院图书馆 欢迎您!
大连网信软件有限公司© 版权所有